Influence of rubber cultivation on physico-chemical properties of soil: A case study (Record no. 51618)

MARC details
000 -LEADER
fixed length control field 00580nam a2200205Ia 4500
100 ## - MAIN ENTRY--AUTHOR NAME
Personal name Mandal D.
245 #0 - TITLE STATEMENT
Title Influence of rubber cultivation on physico-chemical properties of soil: A case study
260 ## - PUBLICATION, DISTRIBUTION, ETC. (IMPRINT)
Name of publisher Indian Journal of Natural Rubber Research
Year of publication 2001
300 ## - PHYSICAL DESCRIPTION
Number of Pages 71-74
650 ## - SUBJECT ADDED ENTRY--TOPICAL TERM
Topical Term Microorganism
650 ## - SUBJECT ADDED ENTRY--TOPICAL TERM
Topical Term Nutrient
650 ## - SUBJECT ADDED ENTRY--TOPICAL TERM
Topical Term Physicochemical property
650 ## - SUBJECT ADDED ENTRY--TOPICAL TERM
Topical Term Rubber cultivation
700 ## - ADDED ENTRY--PERSONAL NAME
Personal name Chaudhuri D.
700 ## - ADDED ENTRY--PERSONAL NAME
Personal name Deka H.K.
700 ## - ADDED ENTRY--PERSONAL NAME
Personal name Sarma A.C.
700 ## - ADDED ENTRY--PERSONAL NAME
Personal name Singh R.P.
942 ## - ADDED ENTRY ELEMENTS (KOHA)
Koha item type Bibliography STAF
Holdings
Withdrawn status Lost status Damaged status Not for loan Home library Current library Date acquired Serial Enumeration / chronology Koha item type
      Bibliography RRII Library RRII Library 09/04/2014 Volume 14, Issue 1 Bibliography STAF